00951ntm a22002297a 450000500170000000800410001704000280005808200170008610000360010324501060013926000100024530000390025550001830029459000200047765000400049765300230053765500090056070000260056994200080059599900170060395201010062020170810110119.0170802s2014 xx a frb 000 0 eng d aEG-ScBUEbengcEG-ScBUE04a624bMAD2221 aMadbouly, Hassan Nasser Hassan.14aThe effect of asphalt behavior on long term pavement performance /cby Hassan Nasser Hassan Madbouly. c2014. avi, 89 p. :bill. (col.) ;c28 cm. aA dissertation submitted to the faculty of Engineering, the British university in Egypt, in partial fulfillment of the requirements for the Bachelor degree in Civil Engineering.  aMirna Muhammed. 7aCivil Engineering.vProjects2BUEsh bENGCIVcAugust2017 vSPRO1 aKandil, Khaled,eThs. 2ddc c25364d25336 00102ddc4070aMAINbMAINc2NDd2017-08-09l0o624 MADp000046626r2025-07-15 00:00:00yPROJST